Anchoa /
Los protagonistas de "Anchoa" son un grupo de chicos del Barrio Sarmiento (entre Villa Celina e Ingeniero Budge) cuyo universo consiste en las cuadras donde viven y el descampado cercano. La novela los retrata con un conocimiento profundo de usos, costumbres y lugares. "Anchoa" e...
Guardado en:
| Autor Principal: | |
|---|---|
| Formato: | Libro |
| Idioma: | Undetermined |
| Publicado: |
Buenos Aires :
Dábale arroz,
2023.
|
| Edición: | 1a ed. |
| Series: | Identidades bonaerenses
Malabar |
| Materias: | |
| Etiquetas: |
Agregar Etiqueta
Sin Etiquetas, Sea el primero en etiquetar este registro!
|
| LEADER | 01568nam a22002775a 4500 | ||
|---|---|---|---|
| 001 | CEM.cems024768 | ||
| 008 | 250704s2023####ag############000#0#und#d | ||
| 005 | 20250818082737.0 | ||
| 245 | 1 | 0 | |a Anchoa / |c Martín Sancia Kawamichi. |
| 250 | |a 1a ed. | ||
| 260 | |a Buenos Aires : |b Dábale arroz, |c 2023. | ||
| 300 | |a 95 p. | ||
| 490 | 1 | |a Identidades bonaerenses | |
| 490 | 1 | |a Malabar | |
| 500 | |a Edición especial de la Dirección de Cultura y Educación de la Provincia de Buenos Aires. | ||
| 500 | |a Sugerencia de edad: a partir de ciclo orientado. Requiere acompañamiento docente. | ||
| 520 | |a Los protagonistas de "Anchoa" son un grupo de chicos del Barrio Sarmiento (entre Villa Celina e Ingeniero Budge) cuyo universo consiste en las cuadras donde viven y el descampado cercano. La novela los retrata con un conocimiento profundo de usos, costumbres y lugares. "Anchoa" es un relato de dolores, ataques y venganzas. De niños a la vez valientes y crueles a los que Martín Sancia Kawamichi pinta a su manera precisa y directa: ingenuos y terribles, desde el comienzo hasta el final. | ||
| 020 | |a 9789878266992 | ||
| 100 | 1 | |a Sancia Kawamichi, Martín. | |
| 653 | |a Narrativa argentina | ||
| 653 | |a Literatura argentina | ||
| 653 | |a Identidades bonaerenses | ||
| 859 | |a CEMS |b BIB. CEMS - Agricultura |h A863.4 |i Sa559 |p A3940.25 |t Ej.1 | ||
| 859 | |a CEMS |b BIB. CEMS - Ccias. Educacion |h A863.4 |i Sa559 |k CE |p 30069.25 |t Ej.1 | ||
| 859 | |a CEMS |b BIB. CEMS - 11 de abril |h A863.4 |i Sa559 |p 30067.25 |t Ej.1 | ||
| 859 | |a CEMS |b BIB. CEMS - 11 de abril |h A863.4 |i Sa559 |p 30068.25 |t Ej.2 | ||
